000 00689 a2200253 4500
001 200001295
003 TR-AnTOB
005 20250515152332.0
008 110210s2009 ko 000 0
020 _a9781599663166
040 _aTR-AnTOB
_beng
_cTR-AnTOB
_erda
041 0 _aeng
050 0 0 _aPE1128
099 _aPE EASY COM L6 KOS 2012
100 1 _aBronte, Emily,
_d1818-1848
_920114
245 1 0 _aWuthering Heights /
_cBronte, Emily ; retold by Pieter Koster.
264 1 _aKorea:
_bCompass,
_c2009.
300 _a141 p.
_bill.
_c24 cm.
_e+ 1 CD ROM.
500 _aLevel 6
650 0 _aReaders
_967599
700 0 _aKoster, Pieter
_920046
942 _cMX
_2lcc
999 _c200001295
_d28135